Моя сповідь (Запис № 17335)

000 -Маркер запису
Контрольне поле сталої довжини 01518nam a22002537a 4500
003 - Належність контрольного номера
Контрольне поле Uzh_bibl
008 - Кодовані дані
Контрольне поле сталої довжини 260415b |||||||| |||| 00| 0 ukr d
020 ## - Індекс ISBN
ISBN 5-325-00529-4
Ціна 3.90
040 ## - Джерело каталогіз.
Код мови каталог. укр.
041 ## - Код мови видання
Код мови оригіналу українська
Код мови тексту українська
080 ## - Індекс УДК
Індекс УДК 94 (477)
090 ## - Шифри
Поличний індекс 94(477)
Авторський знак А 72
100 ## - Автор
Автор Антонович ,Володимир
245 ## - Назва
Назва Моя сповідь
Відповідальність упоряд.О.Тодійчук,вст.ст. та коментарі В .Ульяновського
Фізичний носій Текст
260 ## - Вихідні дані
Місце видання Київ
Видавництво Либідь
Дата видання 1995
300 ## - Фізичний опис
Обсяг 816 с.
Тип одиниці В опр.
490 ## - Серія
Назва серії Серія"Пам’ятки історичної думки України"
520 ## - Анотація
Анотація До збірки увійшли автобіографічний твір видатного українського історика, його праці з історії козацтва, життєписи історичних діячів, нариси історії церкви в Україні, дослідження з української етнографії. Значне місце посідають твори, присвячені Києву та Київській землі, історії Великого князівства Литовського.
521 ## - Примітка про цільове призначення
Примітка про цільове призначення Для широкого кола читачів
546 ## - Примітка про мову
Примітка про мову укр.
650 ## - Тематичні рубрики
Основна рубрика Історична література
655 ## - Термін індексування — жанр/форма
Жанр/форма Нарис
Типове ділення Вибрані історичні та публіцистичні твори
942 ## - ADDED ENTRY ELEMENTS (KOHA)
Джерело класифікації чи схема поличного розташування
Koha item type Книги
Фонди
Статус вилучення Статус втрати/відсутності Джерело класифікації чи схема поличного розташування Статус пошкодження Тип обігу (не для випозичання) Постійне розташування Поточне розташування Розташування у відділі Дата надходження Інвентарний номер Total Checkouts Повний (примірниковий) шифр зберігання Штрих-код Date last seen Дата, для якої чинна ціна заміни Тип одиниці (рівень примірника)
          Публічна бібліотека Публічна бібліотека Абонемент 15/04/2026 47847-1   94(477) 19306 15/04/2026 15/04/2026 Книги

Працює на АБІС Коха